000
00304 a2200157 4500
001
57848
020
_a
040
_c
Anchieta - Pituba
100
_a
Uris, Leon
240
1
0
_a
Exodus
_l
por
245
1
0
_a
Exodus
300
_a
376
362
0
_a
1981
650
4
_a
Ficção norte-americana
942
_c
BK
999
_c
57848
_d
57848